| 000 | 01038nam a2200229Ia 4500 | ||
|---|---|---|---|
| 003 | Ost | ||
| 005 | 20260507075346.0 | ||
| 008 | 260507s9999||||xx |||||||||||||| ||und|| | ||
| 020 | _a97242499579 | ||
| 040 | _cfsecg | ||
| 041 | _aara | ||
| 082 | _a330 | ||
| 100 |
_aالعيساوي، عبد الكريم جابر _eمؤلف |
||
| 245 | 0 |
_aالتمويل الدولي : _bمدخل حديث / _c عبد الكريم جابر العيساوي |
|
| 260 |
_aعمان: _bدار صفاء للنشر والتوزيع, _c2011 |
||
| 300 |
_a382 صفحة؛ _c24 سم |
||
| 520 | _aحركات رؤوس الأموال الدولية- المؤسسات المالية الدولية- الروابط المالية العالمية- ميزان المدفوعات والصرف الأجنبي- التكتلات الإقتصادية والتجارية ومناطق التجارة الحرة في العالم | ||
| 653 | _aالإستثمار المالي | ||
| 653 | _aالتمويل | ||
| 653 | _aالتمويل الدولي | ||
| 942 | _cكتاب | ||
| 999 |
_c44113 _d44113 |
||